| 000 | 00506nam a22001817a 4500 | ||
|---|---|---|---|
| 003 | dpl | ||
| 005 | 20180829131321.0 | ||
| 008 | 180829b xxu||||| |||| 00| 0 eng d | ||
| 020 |
_a0074632043 _c0.00 |
||
| 035 | _aA-948687 | ||
| 040 |
_aDPL _bEN _c0 |
||
| 082 | _2005.43 | ||
| 100 | _aJain P.C | ||
| 245 |
_awindows 3.1 made simple _cJain Shashank |
||
| 260 |
_aNew delhi _bTata Mcgraw-hill publishing company ltd. _cN.L |
||
| 300 |
_avii,388p: _c23cm |
||
| 942 |
_2ddc _cEN _h005.43 _mJAI |
||
| 999 |
_c156564 _d156564 |
||